000 00592nam a2200229Ia 4500
003 OSt
005 20220925211917.0
006 a|||||r|||| 00| 0
007 ta
008 220923b |||||||| |||| 00| 0 eng d
037 _cGeneral Book
040 _aRTL
_cRTL
_beng
041 _2eng
_aeng
082 _aP28:4k, L7
245 0 _aAL-MAWRID
_b A modern english Arabic dictionary By
250 _a11th
260 _aLebanon
_bDar El Ilm
_c1977
300 _a1115p.
_ccm.
650 _aLinguistics
942 _hP28:4k, L7
_cGB
_2CC
999 _c559008
_d559008